| 000 | 01356nam a22002297a 4500 | ||
|---|---|---|---|
| 008 | 100725s2001 xxu||||| |||| 00| 0 ara d | ||
| 020 | _a9770176494 | ||
| 082 |
_222 _a269.9246 _bي ح ي |
||
| 100 | 1 |
_916475 _aيحيى ، عثمان |
|
| 245 |
_aمؤلفات ابن عربى : _bتاريخها وتصنيفها / _cعثمان يحيى ؛ ترجمه عن الفرنسية أحمد محمد الطيب |
||
| 260 |
_aالقاهرة : _bالهيئة المصرية العامة للكتاب ،2001 _c2001. |
||
| 300 |
_a735 ص ؛ _c24 سم. |
||
| 490 |
_916759 _aالتراث |
||
| 500 | _aيشتمل على فهرس | ||
| 541 |
_aألف باء ؛ _cشراء ؛ |
||
| 600 |
_921554 _aابن عربي، _d1164-1240 _q محيي الدين محمد بن على بن محمد بن عربى الحاتمى الطائى الاندلسى |
||
| 650 |
_921555 _aالمتصوفون الأندلسيون |
||
| 700 |
_916763 _aالطيب ، أحمد محمد _eترجمه عن الفرنسية |
||
| 942 |
_2ddc _cBB |
||
| 999 |
_c14539 _d14539 |
||